000 00998nam a2200313 i 4500
001 52965
003 KOSZ 005
005 20220513105405.0
008 070313s2004 pl e |000 0 pol
015 _aPB 2007/12766
020 _a8389501198
040 _aWA N
_cWA N
_dKOSZ 005/HR
046 _k2004
080 _a37
080 _a(03)
100 1 _aOkoń, Wincenty
_d(1914-2011)
_eAutor
245 1 0 _aNowy słownik pedagogiczny /
_cWincenty Okoń.
250 _aWyd. 4 uzup. i popr.
260 _aWarszawa :
_bWydawnictwo Akademickie "Żak" Teresa i Józef Śniecińscy,
_c2004.
300 _a486 s. :
_c21 cm.
380 _aKsiążki
388 _a2001-
650 4 _aPedagogika
655 4 _aEncyklopedia
658 _aEdukacja i pedagogika
710 2 _aWydawnictwo Akademickie "Żak", Jacek Śnieciński
_4pbl.
856 _uhttp://koha.tu.koszalin.pl/cgi-bin/koha/opac-detail.pl?biblionumber=52965
_yKatalog online BPK
942 _2UKD
_cKS
999 _c52965
_d52965